Quizzes
Events
Quiz Creation
Community
Videos
Private Events
Remove Ads
Sign In
Join for FREE
Feedback
Dark Mode
Quiz Categories
Sports
Geography
Music
Movies
Television
Just For Fun
Miscellaneous
History
Literature
Language
Science
Gaming
Entertainment
Religion
Holiday
For Kids
Quiz Lab
Recent
Popular Today
Quiz Kudos Today
Editor Picks
Curator Picks
Quizzes by...
Day
Popularity
Type
Ratings
Length
Year
Community
Subscriptions
Recent Discussions
Orange Saloon
Badges
Playlists
Quests
Create
Leaderboards
Showdown
Live 5
Trivia Bingo
Activity
Puzzle Library
Sporcle Events
Private Events
Virtual Trivia
Globe League
Become a Host
Pub Owners
SporcleCon
Opinionation
Our Games
Videos
Blog
Mobile Apps
Partnerships
Remove Ads and Go Orange
Feedback
Music
Pop Music
The Beatles
Song
Album
Lyrics
Bands
Singers
Artist
Clip
Rock
Rap
Classical
Billboard
Country Music
Kpop
Taylor Swift
Music
Pop Music
The Beatles
Song
Album
Lyrics
Bands
Singers
Artist
Clip
Rock
Rap
Classical
Billboard
Country Music
Kpop
Taylor Swift
Random Quiz
Search Sporcle
×
Quiz Lab
Quiz Lab
Music
Song
Type in answers that appear in a list
Type in answers that appear in a list
Classic
Best Score? Go Orange.
Chameleon Circuit Lyrics for Travelling Man Stats
Can you name the Chameleon Circuit Lyrics for Travelling Man?
By
roronicus
5m
218 Questions
164 Plays
164 Plays
164 Plays
Comments
Comments
Give Quiz Kudos
Give Quiz Kudos
-
- Ratings
hide this ad
Replay
Link that replays current quiz
Next Quiz
Link to next quiz in quiz playlist
You Got
0%
They Got
Avg Score
76%
Avg Friend Score
Upgrade to see
Score Distribution
Jump to the score distribution portion of the page
Score
0/218
Timer
05:00
0
Plays Today
lyrics
% Correct
I
99.4%
the
98.8%
the
98.8%
the
98.8%
the
98.8%
and
98.8%
the
98.8%
the
98.8%
a
98.8%
the
98.8%
a
98.8%
the
98.8%
the
98.8%
the
98.8%
and
98.8%
the
98.8%
the
98.8%
the
98.8%
the
98.8%
the
98.8%
the
98.8%
the
98.8%
and
98.8%
the
98.8%
the
98.8%
man
94.5%
man
94.5%
man
94.5%
man
94.5%
man
94.5%
man
94.5%
man
94.5%
man
94.5%
man
94.5%
man
94.5%
man
94.5%
man
94.5%
man
94.5%
travelling
92.1%
travelling
92.1%
travelling
92.1%
travelling
92.1%
travelling
92.1%
travelling
92.1%
travelling
92.1%
travelling
92.1%
travelling
92.1%
travelling
92.1%
travelling
92.1%
you
91.5%
you
91.5%
you
91.5%
you
91.5%
to
90.2%
to
90.2%
to
90.2%
to
90.2%
to
90.2%
to
90.2%
to
90.2%
to
90.2%
to
90.2%
to
90.2%
to
90.2%
will
89.6%
will
89.6%
will
89.6%
will
89.6%
will
89.6%
will
89.6%
will
89.6%
will
89.6%
will
89.6%
lyrics
% Correct
he
89%
he
89%
he
89%
he
89%
time
87.8%
time
87.8%
time
87.8%
time
87.8%
if
86%
if
86%
if
86%
if
86%
save
84.8%
day
84.8%
has
84.8%
save
84.8%
day
84.8%
save
84.8%
day
84.8%
has
84.8%
save
84.8%
day
84.8%
save
84.8%
day
84.8%
has
84.8%
save
84.8%
day
84.8%
even
81.1%
even
81.1%
even
81.1%
die
79.9%
times
79.9%
die
79.9%
times
79.9%
die
79.9%
times
79.9%
ever
79.3%
be
78.7%
of
78.7%
of
78.7%
keep
78.7%
safe
78.7%
of
78.7%
keep
78.7%
safe
78.7%
of
78.7%
keep
78.7%
safe
78.7%
five
78%
hundred
78%
five
78%
hundred
78%
five
78%
hundred
78%
seven
77.4%
every
77.4%
seven
77.4%
seven
77.4%
world
74.4%
lord
72.6%
lord
72.6%
from
72%
his
70.1%
his
70.1%
his
70.1%
it
69.5%
you're
68.9%
but
68.9%
but
68.9%
old
68.3%
out
68.3%
when
68.3%
out
68.3%
lyrics
% Correct
this
68.3%
days
67.7%
how
67.1%
with
65.2%
that
65.2%
alien
64.6%
everybody
64%
everybody
64%
just
64%
everybody
64%
secrets
63.4%
in
63.4%
in
63.4%
told
62.8%
running
62.8%
him
62.8%
all
62.8%
such
62.2%
stop
62.2%
such
62.2%
there
62.2%
nothing
61.6%
must
61.6%
once
61.6%
knows
61%
knows
61%
find
60.4%
dies
60.4%
like
60.4%
left
59.8%
hard
59.8%
so
59.8%
learn
59.8%
dance
59.8%
lives
59.8%
boy
59.1%
coming
58.5%
too
58.5%
nobody
57.9%
down
56.7%
rescue
56.7%
lose
56.1%
comes
56.1%
up
56.1%
would
55.5%
everything
54.9%
for
54.9%
think
54.3%
saving
53%
are
53%
lights
53%
gave
53%
skies
52.4%
trying
52.4%
busy
51.8%
gallifrey
48.8%
things
48.2%
mind
47%
broken
45.7%
sharp
45.1%
hearts
45.1%
past
45.1%
long
44.5%
put
44.5%
drain
43.9%
engines
42.7%
history
42.1%
something
40.9%
tragic
40.9%
waiting
40.2%
gear
40.2%
reprove
20.1%
Quiz Playlist
Details
Report
Send in Message
Add To Playlist
Classic:
Type in answers that appear in a list
Last Updated: Feb 16, 2017
Quiz Scoreboard
CHALLENGE
Sign Up to Join the Scoreboard
Show All
Scores
Hide
Comments
May contain spoilers
Recently Published
Pick 6: Fruits
by JohnFran
Miscellaneous
15s
Click the 1999 NBA Draft
by nibperrychub
Sports
2m
Alphabetical 'K' Countries by Flag Minefield
by ylime102
Geography
3m
More to Explore
Quiz From the Vault
Featured Blog Post
15 Basketball Trivia Facts You Can Be March Mad About
hide this ad
You Might Also Like...
Tags
Doctor Who Quiz
Lyrics Quiz
Song Quiz
circuit
Man
Travel
Today's Top Quizzes in Music
Browse Music
hide this ad
Today's Top Quizzes in Song
Browse Song
Top Contributed Quizzes in Music
1
Taylor Swift All Songs (2024)
2
KPOP LOGIC QUIZ
3
A Taylor Swift Logic Puzzle
4
Guess the Taylor Swift song (Mystery Song)
5
K-Pop Murder Mystery Logic Quiz
6
Taylor Swift Logic Puzzle
7
Guess The Taylor Swift Lyrics Song #1
8
kpop group name match up
9
NCT 2020 Logic Puzzle
10
K-Pop : 100 Debut Songs (Part 1 of 3)
Explore More
Trending Topics
Disney
Harry Potter
Crossword
Marvel
Anime
Kpop
NBA
Song
Pokémon
Country
The Office
WWE
NFL
Puzzle
Soccer
hide this ad
More By:
roronicus
Quiz
Plays
Rating
Category
Featured
Created
Doctor Who Monsters
514
1.75
Television
Nov 23, 2011
Chameleon Circuit Lyrics for The Doctor is Dying
361
4.33
Music
Dec 22, 2011
Chameleon Circuit Lyrics for Kiss the Girl
338
4.50
Music
Nov 23, 2011
Who's Been in the TARDIS? (New Series of Doctor Who)
329
1.67
Television
May 23, 2012
Chameleon Circuit Lyrics for Mr. Pond
268
4.33
Music
Nov 23, 2011
Go to Creator's Profile
Score Distribution
Quiz Creator Spotlight
roronicus
Follow
Send a Message
Quizzes Created
-
Created Quiz Play Count
-
More By This Creator
Popular Quizzes Today
1
Countries of Asia Without Outlines Minefield
2
Find the US States - No Outlines Minefield
3
Pick 6: Fruits
4
Alphabetical 'K' Countries by Flag Minefield
5
The Countries of the World
6
Find the US States
7
US States
8
Match the Book to the Film X
More Music Quizzes
100 Kpop Songs On Shuffle
Quiz Lab
Trending Quizzes
Pick 6: Mountains
Pick 6: Harry Potter
Pick 6: NFL Teams
Pick 6: Movie Franchises
Pick 6: Golfers
Recently Updated
NWSL Teams
pecheneg
Women's Final Four Teams by Year
bhenderson79
Presidents Quartet II
eogle
Anything But Clue(do)
eogle
Anything But Oceanian Capitals
eogle
Anything But 7
eogle
Anything But Thing
eogle
Word Ladder: February 29
pecheneg
Song Title Questions
pecheneg
Women's NCAA Tournament #1 Seeds
pecheneg
Trending Topics
Kpop
Anime
Disney
Crossword
Marvel
Harry Potter
NBA
Pokémon
Country
NFL
The Office
Puzzle
Soccer
WWE
Song
Your Account Isn't Verified!
In order to create a playlist on Sporcle, you need to verify the email address you used during registration. Go to your
Sporcle Settings
to finish the process.
Report this User
Report this user for behavior that violates our
Community Guidelines
.
Details:
Send Report
Go to the Sporcle.com Mobile Site →
Comments